| 000 | 00738nam a2200229 a 4500 | ||
|---|---|---|---|
| 001 | 000021992 | ||
| 005 | 20200930011532.0 | ||
| 008 | 100915s1990 sp ac r 000 f spa d | ||
| 020 | _a8420736090 | ||
| 040 |
_aDO-SdBNP _bspa _cBNPHU |
||
| 082 |
_a863.09 _bB297n |
||
| 100 | 1 |
_aBasanta, Ángel, _929397 |
|
| 245 | 1 | 0 |
_aLa novela española de nuestra época / _cÁngel Basanta. |
| 260 |
_aMadrid : _bAnaya, _c1990. |
||
| 300 |
_a96 p. : _bil., retrs. ; _c19 cm. |
||
| 490 | 1 |
_aBiblioteca básica _aliteratura |
|
| 504 | _aBibliografías: p. 96 | ||
| 650 | 4 |
_aNovela española _xHistoria y crítica _912614 |
|
| 650 | 4 |
_aLiteratura española _xHistoria y crítica _93904 |
|
| 830 | 0 |
_aBiblioteca básica _pliteratura _945587 |
|
| 049 | _aBNGR | ||
| 999 |
_c21490 _d21490 |
||